\

Limits of AI: (Record no. 30503)

MARC details
000 -LEADER
fixed length control field 00918nam a22002777a 4500
005 - DATE AND TIME OF LATEST TRANSACTION
control field 20260224150319.0
008 - FIXED-LENGTH DATA ELEMENTS--GENERAL INFORMATION
fixed length control field 260224b2024 sz a|||| |||| 00| 0 eng d
020 ## - INTERNATIONAL STANDARD BOOK NUMBER
International Standard Book Number 9783662682890
040 ## - CATALOGING SOURCE
Original cataloging agency aue
Transcribing agency aue
Description conventions rda
041 ## - LANGUAGE CODE
Language code of text/sound track or separate title eng.
050 1# - LIBRARY OF CONGRESS CALL NUMBER
Classification number Q335
Item number .M35 2024
100 1# - MAIN ENTRY--PERSONAL NAME
Personal name Mainzer, Klaus,
245 10 - TITLE STATEMENT
Title Limits of AI:
Remainder of title theoretical, practical, ethical/
Statement of responsibility, etc. Klaus Mainzer, Reinhard Kahle.
264 #1 - PRODUCTION, PUBLICATION, DISTRIBUTION, MANUFACTURE, AND COPYRIGHT NOTICE
Place of production, publication, distribution, manufacture Cham, Switzerland :
Name of producer, publisher, distributor, manufacturer Springer Nature,
Date of production, publication, distribution, manufacture, or copyright notice 2024.
300 ## - PHYSICAL DESCRIPTION
Extent 158 Pages:
Other physical details illustrations;
Dimensions 24 cm.
336 ## - CONTENT TYPE
Source rdacontent
Content type term text
Content type code txt
337 ## - MEDIA TYPE
Source rdamedia
Media type term unmediated
Media type code n
338 ## - CARRIER TYPE
Source rdacarrier
Carrier type term volume
Carrier type code nc
504 ## - BIBLIOGRAPHY, ETC. NOTE
Bibliography, etc. note Includes bibliographical references and index.
650 #0 - SUBJECT ADDED ENTRY--TOPICAL TERM
Topical term or geographic name entry element Artificial intelligence
General subdivision Philosophy.
650 #0 - SUBJECT ADDED ENTRY--TOPICAL TERM
Topical term or geographic name entry element Artificial intelligence
General subdivision Moral and ethical aspects
650 #0 - SUBJECT ADDED ENTRY--TOPICAL TERM
Topical term or geographic name entry element Technology
General subdivision Philosophy.
700 1# - ADDED ENTRY--PERSONAL NAME
Personal name Kahle, Reinhard,
Relator term author.
942 ## - ADDED ENTRY ELEMENTS (KOHA)
Source of classification or shelving scheme Library of Congress Classification
Koha item type Books
Suppress in OPAC No
Holdings
Withdrawn status Lost status Source of classification or shelving scheme Damaged status Not for loan Collection Home library Current library Date acquired Total checkouts Full call number Barcode Date last seen Price effective from Koha item type
    Library of Congress Classification     College of Engineering and Technology (CET) MAIN MAIN 02/24/2026   Q335 .M35 2024 00000107 02/24/2026 02/24/2026 Books